000
00321nam a22001337a 4500
003
SGT
082
_a
320
_b
F74B
100
_a
BORGOHAIN, B.K.
245
_a
FOLK TALES OF MEGHALAYA AND ARUNACHAL PRADESH
260
_b
STERLING PUBLISHERS PVT. LTD.
_c
1974
300
_a
112
650
_a
POLITICAL SCIENCE
942
_2
ddc
_c
BK
999
_c
28033
_d
28033